| 000 | 00984nam a22003015a 4500 | ||
|---|---|---|---|
| 001 | 15308327 | ||
| 005 | 20201128020732.0 | ||
| 008 | 080528s2008 nyu 000 0 eng | ||
| 010 | _a2008929910 | ||
| 020 | _a9783540795896 (hardcover) | ||
| 020 | _a9783540795902 (e-ISBN) | ||
| 040 |
_aDLC _cDLC |
||
| 082 |
_222 _a629.89 _bMUK |
||
| 245 | 1 | 0 |
_aSmart Sensors and Sensing Technology / _c[Edited by] Subhas Chandra Mukhopadhya, G. Sen Gupta. |
| 250 | _a1st ed. | ||
| 260 |
_aNew York : _bSpringer, _cc2008. |
||
| 263 | _a0807 | ||
| 300 |
_axxii, 411 p. : _bill. ; _c25 cm. |
||
| 440 |
_aLecture notes electrical engineering ; _vvol. 20 _x ISSN 1876-1100 _93060 |
||
| 504 | _aIncludes bibliographical references and index. | ||
| 650 |
_93056 _aSensor networks |
||
| 650 |
_93057 _aAutomatic control |
||
| 650 |
_93058 _aSmart sensors |
||
| 700 |
_93054 _aMukhopadhya, Subhas Chandra |
||
| 700 |
_93059 _aSen Gupta, Gourab |
||
| 942 |
_2ddc _cBB |
||
| 999 |
_c11163 _d11163 |
||